Central Library OPAC University of Rajshahi

পূর্ব বাঙলার ভাষা আন্দোলন ও তৎকালীন রাজনীতি / (Record no. 55144)

MARC details
000 -LEADER
fixed length control field 01080nam a2200253 a 4500
001 - CONTROL NUMBER
control field 55144
003 - CONTROL NUMBER IDENTIFIER
rucl marc code BD-RjUL
005 - DATE AND TIME OF LATEST TRANSACTION
control field 20211209080224.0
008 - FIXED-LENGTH DATA ELEMENTS--GENERAL INFORMATION
fixed length control field 161114b1979 bg ||||e |||| 00| 0 ben d
020 ## - INTERNATIONAL STANDARD BOOK NUMBER
Terms of availability Tk.28.00 (V-1) :2nd. rev. ed.
035 ## - SYSTEM CONTROL NUMBER
System control number (BD-RjUL)55266
040 ## - CATALOGING SOURCE
Original cataloging agency BD-RjUL
Language of cataloging ben
Transcribing agency BD-RjUL
Modifying agency BD-RjUL
041 ## - LANGUAGE CODE
Language code of text/sound track or separate title ben
082 ## - DEWEY DECIMAL CLASSIFICATION NUMBER
Edition number 23
Classification number 954.9204
Author mark and year UMP 1979
100 ## - MAIN ENTRY--PERSONAL NAME
Personal name উমর, বদরুদ্দীন
9 (RLIN) 121341
245 10 - TITLE STATEMENT
Title পূর্ব বাঙলার ভাষা আন্দোলন ও তৎকালীন রাজনীতি /
Statement of responsibility, etc. বদরুদ্দীন উমর
250 ## - EDITION STATEMENT
Edition statement ২য় পরিব. সং.
260 ## - PUBLICATION, DISTRIBUTION, ETC. (IMPRINT)
Place of publication, distribution, etc. ঢাকা:
Name of publisher, distributor, etc. সুবর্ণা,
Date of publication, distribution, etc. ১৯৭৯
300 ## - PHYSICAL DESCRIPTION
Pagination খণ্ড ;
Size ২১ সেমি.
505 ## - FORMATTED CONTENTS NOTE
Formatted contents note খণ্ড ১ --
650 ## - SUBJECT ADDED ENTRY--TOPICAL TERM
Topical term or geographic name as entry element ভাষা আন্দোলন
General subdivision ইতিহাস
Geographic subdivision বাংলাদেশ
Chronological subdivision ১৯৪৭-১৯৫২ খ্রিষ্টাব্দ
9 (RLIN) 248311
Topical term or geographic name as entry element Language Movement
General subdivision History
Geographic subdivision Bangladesh
Chronological subdivision 1947-1952 A. D
9 (RLIN) 248312
942 ## - ADDED ENTRY ELEMENTS (KOHA)
Source of classification or shelving scheme Dewey Decimal Classification
Koha item type Books
Holdings
Lost status Source of classification or shelving scheme Damaged status Not for loan Collection code Permanent Location Current Location Shelving location Date acquired Source of acquisition Cost, normal purchase price Total Checkouts Full call number Date last seen Date checked out Copy number Koha item type Checked out
  Dewey Decimal Classification     Non-fiction Central Library, University of Rajshahi Central Library, University of Rajshahi   25/07/1983 Rajshahi , Aligarh 35.00 6 B 954.9204 UMP V-1 1979 19/05/2026 07/05/2026 C-2 Books  
  Dewey Decimal Classification   Not For Loan Rare Books Central Library, University of Rajshahi Central Library, University of Rajshahi Rare Book Section 25/07/1983 Rajshahi , Aligarh 35.00   BRA 954.9204 UMP V-1 1979 02/05/2017   C-1 Rare Books  
  Dewey Decimal Classification     Non-fiction Central Library, University of Rajshahi Central Library, University of Rajshahi   25/07/1983 Rajshahi , Aligarh 35.00 3 B 954.9204 UMP V-1 1979 12/05/2026 12/05/2026 C-3 Books 08/06/2026
  Dewey Decimal Classification     Non-fiction Central Library, University of Rajshahi Central Library, University of Rajshahi   25/07/1983 Rajshahi , Aligarh 35.00   B 954.9204 UMP V-1 1979 22/09/2021   C-4 Books  
  Dewey Decimal Classification     Non-fiction Central Library, University of Rajshahi Central Library, University of Rajshahi   12/06/1990 Dhaka, Shawkat Osman 38.00   B 954.9204 UMP V-1 1979 22/09/2021   C-5 Books